The 8 Great Cuisines of China - Statistics

General Stats
  • This quiz has been taken 52 times
  • The average score is 4 of 8
Answer Stats
8 Great Cuisines % Correct
Cantonese Cuisine
91%
Sichuan Cuisine
76%
Hunan Cuisine
54%
Min Cuisine
50%
Shandong Cuisine
39%
Jiangsu Cuisine
37%
Anhui Cuisine
33%
Zhejiang Cuisine
28%
No matching quizzes found
Score Distribution
Percent of People with Each Score
Percentile by Number Answered
Your Score History
You have not taken this quiz